| 000 | 01019nam a2200229 a 4500 | ||
|---|---|---|---|
| 001 | 70592 | ||
| 003 | BD-RjUL | ||
| 005 | 20211209082023.0 | ||
| 008 | 170418m19941969ii ||||| |||| 00| 0 ben d | ||
| 035 | _a(BD-RjUL)70806 | ||
| 040 |
_aBD-RjUL _beng _cBD-RjUL |
||
| 041 | _aeng | ||
| 082 |
_223 _a891.44109 _bVAV 1994 |
||
| 100 |
_aভারতচন্দ্র _9118478 |
||
| 245 |
_aভারতচন্দ্রের অন্নদামঙ্গল / _cভারতচন্দ্র ; সম্পাদক কার্তিক ভদ্র |
||
| 260 |
_aকলিকাতা : _bব্যানার্জী এন্ড কো., _c১৯৬৯ [পুনর্মুদ্রণ ১৯৯৪] |
||
| 300 |
_a[জ], ২২৪ পৃ. ; _c১৮ সেমি. |
||
| 650 |
_aবাংলা কবিতা _xইতিহাস এবং সমালোচনা _9208950 |
||
| 650 |
_aBengali poetry _xHistory and criticism. _9208951 |
||
| 700 |
_aভদ্র, কার্তিক _9208952 |
||
| 942 |
_2ddc _cBK |
||
| 999 |
_c70592 _d70592 |
||